| 000 | 00415nam a2200133 4500 | ||
|---|---|---|---|
| 005 | 20260120090721.0 | ||
| 008 | 260120b |||||||| |||| 00| 0 eng d | ||
| 020 | _a0070590257 | ||
| 100 | _aHubbard John R. | ||
| 245 |
_aSchaum's Outline of Theory and Problems of Data Structures with C++ _c/John R. Hubbard |
||
| 260 |
_aNew Delhi; _b McGraw-Hill Companies; _c2000 |
||
| 300 |
_aviii, 407p. _c27.5cm |
||
| 942 |
_2lcc _n0 _cBK |
||
| 999 |
_c137 _d137 |
||